000 00563nam a2200205Ia 4500
003 OSt
005 20230405110341.0
008 210423s2010 xx 000 0 und d
020 _a9788184895438
040 _cAL
041 _aeng
082 _a510 GELB
_223
100 _aGELBAUM (Bernard R);OLMSTED (John M H).
_983201
245 _aTheorems and counter examples in mathematics.
260 _aNew Delhi
_bSpringer Pvt Ltd
_c2010
300 _axxxiv,305
_bPB
365 _cINR
906 _acounter ; examples ; mathematics. ; Theorems
942 _2ddc
_cBK
999 _c158711
_d158711